Central Library OPAC University of Rajshahi

Family relationships : (Record no. 34820)

MARC details
000 -LEADER
fixed length control field 01072nam a2200325 a 4500
001 - CONTROL NUMBER
control field 34820
003 - CONTROL NUMBER IDENTIFIER
rucl marc code BD-RjUL
005 - DATE AND TIME OF LATEST TRANSACTION
control field 20211209052221.0
008 - FIXED-LENGTH DATA ELEMENTS--GENERAL INFORMATION
fixed length control field 140519s1982 enka b 000 0 eng
020 ## - INTERNATIONAL STANDARD BOOK NUMBER
International Standard Book Number 0803917708
International Standard Book Number 0803917716 (pbk.)
035 ## - SYSTEM CONTROL NUMBER
System control number (BD-RjUL)34914
040 ## - CATALOGING SOURCE
Original cataloging agency DLC
Transcribing agency DLC
Modifying agency BD-RjUL
Language of cataloging eng
041 ## - LANGUAGE CODE
Language code of text/sound track or separate title eng
082 00 - DEWEY DECIMAL CLASSIFICATION NUMBER
Classification number 306.8
Edition number 19
Author mark and year FAM 1982
245 10 - TITLE STATEMENT
Title Family relationships :
Remainder of title rewards and costs /
Statement of responsibility, etc. edited by F. Ivan Nye.
260 ## - PUBLICATION, DISTRIBUTION, ETC. (IMPRINT)
Place of publication, distribution, etc. Beverly Hills ; London. :
Name of publisher, distributor, etc. Sage Publications,
Date of publication, distribution, etc. c1982.
300 ## - PHYSICAL DESCRIPTION
Pagination 264 p. :
Illustrations ill. ;
Size 22 cm.
490 1# - SERIES STATEMENT
Series statement Sage focus editions ;
Volume/sequential designation 46
504 ## - BIBLIOGRAPHY, ETC. NOTE
Bibliography, etc Includes bibliographies.
650 #0 - SUBJECT ADDED ENTRY--TOPICAL TERM
Topical term or geographic name as entry element Families
General subdivision Philosophy.
9 (RLIN) 105981
Topical term or geographic name as entry element Exchange theory (Sociology)
9 (RLIN) 6335
Topical term or geographic name as entry element Social exchange.
9 (RLIN) 6336
700 1# - ADDED ENTRY--PERSONAL NAME
Personal name Nye, F. Ivan
Fuller form of name (Francis Ivan),
Dates associated with a name 1918-
830 1# - SERIES ADDED ENTRY--UNIFORM TITLE
Uniform title Sage focus editions ; 46
856 42 - ELECTRONIC LOCATION AND ACCESS
Materials specified Publisher description
Uniform Resource Identifier <a href="http://www.loc.gov/catdir/enhancements/fy0660/81018515-d.html">http://www.loc.gov/catdir/enhancements/fy0660/81018515-d.html</a>
942 ## - ADDED ENTRY ELEMENTS (KOHA)
Source of classification or shelving scheme Dewey Decimal Classification
Koha item type Books
Holdings
Lost status Source of classification or shelving scheme Damaged status Not for loan Collection code Permanent Location Current Location Shelving location Date acquired Source of acquisition Total Checkouts Full call number Date last seen Copy number Koha item type
  Dewey Decimal Classification     Non-fiction Central Library, University of Rajshahi Central Library, University of Rajshahi   17/05/1990 Asia Fundation Gift   306.8 FAM 1982 19/05/2014 C-3 Books
  Dewey Decimal Classification     Non-fiction Central Library, University of Rajshahi Central Library, University of Rajshahi   10/07/1990 Asia Fundation   306.8 FAM 1982 07/08/2016 C-2 Books
  Dewey Decimal Classification   Not For Loan Non-fiction Central Library, University of Rajshahi Central Library, University of Rajshahi Reading Room 17/05/1990 Asia Fundation   306.8 FAM 1982 10/12/2016 C-1 Books